000
00282nam a22001337a 4500
008
180302b xxu||||| |||| 00| 0 eng d
020
_a
0879011009
041
_a
eng
080
_2
3rd ed.
_a
573
100
_a
11
101
_a
BIO
245
_a
Biology
_c
Curtis, H
942
_2
udc
_c
BK
999
_c
44013
_d
44013